000 00911nam a2200265 a 4500
001 BRCA_4797
005 20190320204818.0
008 980828s1998 sp-a#####b---#000-0dspa-#
020 _a8488333234
041 _aspa
044 _asp
050 4 _aPQ6338
_b.L97 1998
100 1 _aLope Huerta, Arsenio
_912147
245 1 0 _aLos cervantes de Alcalá
_cArsenio Lope Huerta ; prólogo Vicente Sánchez Moltó ; ilustraciones Modesto Quijada.
260 _aAlcalá de Henares [Madrid]
_bCentro de Estudios Cervantinos
_c1998
300 _a199 p.
_bil.
_c22 cm.
440 0 _aBiblioteca de Estudios Cervantinos
_v5
_912148
504 _aBibliografía: p. 193-197
600 1 4 _aCervantes Saavedra, Miguel de
_d1547-1616
_9213
600 1 4 _aFamilia Cevantes
_912149
700 1 _aSánchez Moltó, Vicente
_eProloguista
_912150
700 1 _aQuijada, Modesto
_eIlustrador
_912151
902 _aCERV
942 _2lcc
_cB
999 _c4494
_d4494